[Event "Acropolis Women's GM Open"]
[Site "Athens GRE"]
[Date "2005.03.10"]
[Round "5"]
[White "Makropoulou,M"]
[Black "Dembo,Y"]
[Result "1/2-1/2"]
[WhiteElo "2237"]
[BlackElo "2395"]

1.e4 c5 2.Nf3 Nc6 3.d4 cxd4 4.Nxd4 Nf6 5.Nc3 d6 6.Bg5 e6 7.Qd2 Be7 8.Rd1 Nxd4
9.Qxd4 O-O 10.Be2 Qa5 11.Bd2 Qd8 12.Bg5 Qa5 13.Bd2 Qd8  1/2-1/2

[Event "FSIMA March"]
[Site "Budapest HUN"]
[Date "2005.03.11"]
[Round "7"]
[White "Zhang Jilin"]
[Black "Gonda,L"]
[Result "0-1"]
[WhiteElo "2321"]
[BlackElo "2417"]

1.e4 c5 2.Nf3 Nc6 3.d4 cxd4 4.Nxd4 Nf6 5.Nc3 d6 6.Bg5 e6 7.Qd2 a6 8.O-O-O Bd7
9.f4 b5 10.Bxf6 gxf6 11.Nxc6 Bxc6 12.Qe1 Qe7 13.Bd3 h5 14.Rf1 Qa7 15.Kb1 O-O-O
16.Ne2 d5 17.Qc3 Qc7 18.e5 d4 19.Nxd4 Bxg2 20.Rg1 Qxc3 21.bxc3 Bb7 22.Ne2 f5
23.Kb2 h4 24.c4 b4 25.Rb1 Bf3 26.Nc1 a5 27.c3 bxc3+ 28.Kxc3 Bb4+ 29.Kc2 Rhg8
30.Nb3 Rg4 31.a3 Bxa3 32.Nxa5 Bc5 33.Rgf1 Rg2+ 34.Kc3 Be4 35.Rfd1 Bd4+ 36.Kb4 Bf3
37.Rf1 Kc7 38.Nb3 Rb8+ 39.Ka3 Bc3 40.Nc5 Ra8+ 41.Kb3 Bd4 42.Na4 Bc6 43.Nc3 Bxc3
44.Kxc3 Rxh2  0-1

[Event "Tch-FIN 2004-5"]
[Site "Finland FIN"]
[Date "2005.03.12"]
[Round "8"]
[White "Pulkkinen,K"]
[Black "Sorsa,N"]
[Result "1-0"]
[WhiteElo "2319"]
[BlackElo "2231"]

1.e4 c5 2.Nf3 d6 3.d4 cxd4 4.Nxd4 Nf6 5.Nc3 Nc6 6.Bg5 e6 7.Qd2 a6 8.O-O-O h6
9.Be3 Nxd4 10.Qxd4 Ng4 11.e5 Nxe3 12.fxe3 d5 13.e4 Qa5 14.exd5 exd5 15.Qxd5 Bb4
16.Bc4 O-O 17.Qxa5 Bxa5 18.Ne4 Bg4 19.Rd4 Be6 20.Nd6 b5 21.Bb3 Ra7 22.Rf1 Bxb3
23.axb3 Re7 24.Rd5 Bc7 25.c4 b4 26.Kd2 Re6 27.c5 f6 28.Kd3 fxe5 29.Rxf8+ Kxf8
30.Ke4 Rg6 31.g3 Rf6 32.Nc4 Rf7 33.Nxe5 Rf2 34.Nd3 Rxh2 35.Rd7 Bxg3 36.Kf3 Bh4
37.c6 Rc2 38.Nxb4 Rc1 39.c7 Ke8 40.Rxg7 Be7 41.Nd5 Bd6 42.c8=Q+ Rxc8 43.Nf6+ Kf8
44.Rg8+ Kf7 45.Rxc8 Kxf6 46.Rc6 Ke5 47.Rxa6 Kd5 48.Ke3 Be5 49.Rxh6 Bxb2 50.Rh5+ Kc6
51.Kd3 Bc1 52.Kc4 Bd2 53.Rf5 Be1 54.Rf6+ Kb7 55.Kb5 Bg3 56.Rf7+ Bc7 57.Rg7 Kb8
58.Ka6 Bd6 59.Rg8+ Kc7 60.Rg6 Bc5 61.Rg4 Kb8 62.b4 Bd6 63.Rg8+ Kc7 64.b5  1-0

[Event "Tch-FIN 2004-5"]
[Site "Finland FIN"]
[Date "2005.03.12"]
[Round "8"]
[White "Nevanlinna,R"]
[Black "Kytoniemi,J"]
[Result "1-0"]
[WhiteElo "2316"]
[BlackElo "2295"]

1.e4 c5 2.Nf3 d6 3.d4 cxd4 4.Nxd4 Nf6 5.Nc3 Nc6 6.Bg5 Bd7 7.Qd2 Nxd4 8.Qxd4 Qa5
9.f4 e5 10.Qd2 Be7 11.O-O-O Bc6 12.Kb1 h6 13.Bxf6 Bxf6 14.f5 O-O-O 15.Bc4 Rd7
16.Bd5 Bxd5 17.Nxd5 Qxd2 18.Rxd2 Bd8 19.Rd3 g6 20.fxg6 fxg6 21.Rf1 b6 22.a4 h5
23.b4 a6 24.b5 Kb7 25.Rc3 g5 26.Rc6 g4 27.Rd1 Re8 28.Rd3 a5 29.Ne3 Bc7 30.Nf5 Rf8
31.Rd5 h4 32.Kc1 h3 33.gxh3 gxh3 34.Rc3 Rh7 35.Rdd3 Rf6 36.Rxh3 Rxh3 37.Rxh3 d5
38.Rh7 dxe4 39.Ne3 Rd6 40.c4 Kc8 41.Nd5 Bd8 42.Rh5 Rg6 43.Rxe5 Rh6 44.Rxe4 Rxh2
45.Re6 Kb7 46.Rd6 Bg5+ 47.Kb1 Rh6 48.Rxh6 Bxh6 49.Kc2 Bf8 50.Kd3 Bc5 51.Ke4 Kc8
52.Nc3 Kc7 53.Kd5 Kd7 54.Ne2 Be3 55.Ng3 Bc5 56.Ne4 Bg1 57.Nf6+ Ke7 58.Ng4 Kd7
59.Ne5+ Kc7 60.Ke6 Bf2 61.Ng6 Bg1 62.Nf4 Bc5 63.Nd5+ Kc8 64.Nf4 Kc7 65.Ne2 Bf2
66.Nf4 Bc5 67.Ne2 Be3 68.Nc3 Bc5 69.Nd1 Bd4 70.Kd5 Bg1 71.Nb2 Kd7 72.Nd3 Be3
73.Ne5+ Kc7 74.Nf3 Bf2 75.Nd2 Bc5 76.Nb3 Bb4 77.Nd4 Ba3 78.Nc6 Bc1 79.c5 Be3
80.cxb6+ Bxb6 81.Nd4 Kd7 82.Ne6 Bf2 83.Nc5+ Kc7 84.Ne4 Be1 85.Kc5 Bb4+ 86.Kc4 Be1
87.Nf6 Bd2 88.Kd5 Bb4  1-0

[Event "Tch-FIN 2004-5"]
[Site "Finland FIN"]
[Date "2005.03.13"]
[Round "9"]
[White "Agopov,M"]
[Black "Yrjola,J"]
[Result "1-0"]
[WhiteElo "2393"]
[BlackElo "2423"]

1.e4 c5 2.Nf3 d6 3.d4 cxd4 4.Nxd4 Nf6 5.Nc3 Nc6 6.Bg5 e6 7.Qd2 a6 8.O-O-O Bd7
9.f3 Be7 10.Kb1 Rc8 11.g4 h5 12.gxh5 Nxh5 13.h4 Ng3 14.Rg1 Bxg5 15.hxg5 Nxf1
16.Rgxf1 Ne5 17.Rh1 Rg8 18.g6 Nxg6 19.f4 b5 20.Qh2 b4 21.Nce2 Qc7 22.f5 exf5
23.exf5 Ne5 24.Qh7 Ke7 25.Nf4 Qc4 26.b3 Qc5 27.Rhg1 Rh8 28.f6+ gxf6 29.Nf5+ Bxf5
30.Qxf5 Rh2 31.Nd5+ Kf8 32.Rc1 Rf2 33.Qh7 Ng6 34.Rxg6 fxg6 35.Ne7 Re2 36.Nxc8 Re8
37.Qxg6 Rxc8 38.Rf1  1-0

[Event "Extraliga CZE 2004-5"]
[Site "Czech Rep CZE"]
[Date "2005.03.20"]
[Round "9"]
[White "Petr,Ma"]
[Black "Firt,S"]
[Result "1-0"]
[WhiteElo "2266"]
[BlackElo "2353"]

1.e4 c5 2.Nf3 d6 3.d4 cxd4 4.Nxd4 Nf6 5.Nc3 Nc6 6.Bg5 e6 7.Qd2 a6 8.O-O-O Bd7
9.f4 b5 10.Bxf6 gxf6 11.Kb1 Qb6 12.Nxc6 Bxc6 13.f5 O-O-O 14.Bd3 h5 15.Rhf1 Be7
16.Qe1 Kb8 17.fxe6 fxe6 18.Ne2 d5 19.exd5 Rxd5 20.Nf4 Re5 21.Qd2 Be8 22.Rfe1 Bf7
23.Rxe5 fxe5 24.Ng6 Bxg6 25.Bxg6 Rd8 26.Qe2 Rxd1+ 27.Qxd1 h4 28.a3 Qd4 29.Qe1 Bg5
30.c3 Qd5 31.Be4 Qd2 32.Qxd2 Bxd2 33.g3 hxg3 34.hxg3 Kc7 35.Kc2 Be1 36.g4 Bh4
37.c4 Kb6 38.Kd3 a5 39.Bg6 Bf6 40.b3 Be7 41.cxb5 Kxb5 42.Be8+ Kc5 43.Ke4 Kd6
44.b4 axb4 45.axb4 Bd8 46.Bg6 Bc7 47.Kd3 Bd8 48.Kc4 Bb6 49.Kb5 Be3 50.Ka6 Kd5
51.Bc2 e4 52.b5 Bf4 53.b6 e3 54.Bd1 Kd4 55.Ka7 Kd3 56.b7 e2 57.Bxe2+ Kxe2
58.g5  1-0

[Event "Third Sat A"]
[Site "Novi Sad SCG"]
[Date "2005.03.21"]
[Round "3"]
[White "Pilgaard,K"]
[Black "Zlatic,M"]
[Result "1-0"]
[WhiteElo "2383"]
[BlackElo "2451"]

1.e4 c5 2.Nf3 Nc6 3.d4 cxd4 4.Nxd4 Nf6 5.Nc3 d6 6.Bg5 e6 7.Qd2 Be7 8.O-O-O Nxd4
9.Qxd4 O-O 10.f3 a6 11.h4 Qa5 12.Kb1 b5 13.Bd2 b4 14.Ne2 Rb8 15.Nc1 e5 16.Qa7 Bb7
17.Nb3 Qa4 18.Bd3 Rfc8 19.h5 d5 20.exd5 Nxd5 21.Be4 Bd8 22.Qf2 Nf6 23.Bf5 e4
24.Bf4 Ra8 25.Bxc8 Rxc8 26.h6 Qc6 27.Nd4 Qc4 28.hxg7 Bb6 29.Be5 e3 30.Qxe3 Bxd4
31.Qxd4 Qxc2+ 32.Ka1 Nd5 33.Qd3 f6 34.Bd6 Qxd3 35.Rxd3 Rc2 36.Bxb4 Rxg2 37.Bf8 h5
38.a3 Nf4 39.Rd8 Ne6 40.Rd6 Nxg7 41.Bxg7 Rxg7 42.Rd8+ Kh7 43.Rxh5+ Kg6 44.Rh3 Kf5
45.Ka2 Kf4 46.a4 f5 47.Rd4+ Ke3 48.Rb4 f4 49.Rb3+ Kf2 50.Ka3 Kg2 51.Rh4 Kg3
52.Rg4+ Rxg4 53.fxg4+ Bf3 54.g5 Kg4 55.Rxf3 Kxf3 56.g6  1-0

[Event "ch-Privolzhsky Region"]
[Site "Ishevsk RUS"]
[Date "2005.03.22"]
[Round "7"]
[White "Nozdrin,A"]
[Black "Filipenko,A"]
[Result "0-1"]
[WhiteElo "2185"]
[BlackElo "2388"]

1.e4 c5 2.Nf3 Nc6 3.d4 cxd4 4.Nxd4 Nf6 5.Nc3 d6 6.Bg5 Bd7 7.Qd2 Rc8 8.O-O-O Nxd4
9.Qxd4 Qa5 10.Bd2 a6 11.Kb1 Qc5 12.Qxc5 Rxc5 13.f3 g6 14.Be3 Rc8 15.Bd4 Bg7
16.Nd5 e5 17.Nxf6+ Bxf6 18.Bc3 Ke7 19.Bb4 Rc6 20.Be2 Be6 21.c4 Bg5 22.Rd3 Rxc4
23.Bxd6+ Kf6 24.g3 Rhc8 25.f4 exf4 26.gxf4 Bxf4 27.Bxf4 Rxe4 28.Be3 Bf5 29.Ka1 Rce8
30.Bd4+ Rxd4 31.Rxd4 Rxe2 32.h4 h5 33.Rd6+ Ke5 34.Rd8 Kf4 35.b4 Kg3 36.Rd5 Rh2
37.Re1 Rxh4 38.Re3+ Kf2 39.Re7 Rxb4 40.Rd2+ Kg3 41.a3 Rb3 42.Ka2 Rf3 43.Rxb7 Rf2
44.Rxf2 Kxf2 45.Rxf7 Kg2 46.Kb2 h4 47.Kc3 h3 48.Rh7 h2  0-1

[Event "Ettinger It"]
[Site "Givataim ISR"]
[Date "2005.03.23"]
[Round "4"]
[White "Kaplan,S"]
[Black "Tyomkin,D"]
[Result "1/2-1/2"]
[WhiteElo "2346"]
[BlackElo "2512"]

1.e4 c5 2.Nf3 Nc6 3.d4 cxd4 4.Nxd4 Nf6 5.Nc3 d6 6.Bg5 e6 7.Qd2 a6 8.O-O-O Bd7
9.f4 h6 10.Bh4 Nxe4 11.Nxe4 Qxh4 12.Nf3 Qe7 13.Nxd6+ Qxd6 14.Qxd6 Bxd6 15.Rxd6 Ke7
16.Rd2 Rhd8 17.a3 Be8  1/2-1/2

[Event "Open"]
[Site "Coventry ENG"]
[Date "2005.03.24"]
[Round "1"]
[White "Efimenko,Z"]
[Black "Buckley,D"]
[Result "1-0"]
[WhiteElo "2601"]
[BlackElo "2223"]

1.e4 c5 2.Nf3 d6 3.d4 cxd4 4.Nxd4 Nf6 5.Nc3 Nc6 6.Bg5 Qb6 7.Nb3 e6 8.Be2 Be7
9.O-O O-O 10.a4 a6 11.a5 Qc7 12.Be3 Bd7 13.Bb6 Qb8 14.Kh1 Nb4 15.f4 Bc6 16.Bf3 Nd7
17.Bg1 Nc5 18.Nd4 Bd7 19.Qd2 Nc6 20.Nde2 Qc7 21.Nd1 b5 22.axb6 Qxb6 23.Ne3 Rab8
24.b3 Qb4 25.Rfd1 Bf6 26.e5 dxe5 27.Ng4 e4 28.Nxf6+ gxf6 29.Bh5 Rbc8 30.Ng3 Rfd8
31.Bxc5 Qxc5 32.Nxe4 Qf5 33.Bxf7+ Kg7 34.Nd6 Qc5 35.Qe2 Rc7 36.Qg4+ Kh8 37.Qh4 Kg7
38.Rd3 Ne7 39.Ne4 Qf5 40.Ng3  1-0

[Event "Spring Open"]
[Site "Belgrade SCG"]
[Date "2005.03.25"]
[Round "1"]
[White "Sarenac,D"]
[Black "Nestorovic,N"]
[Result "1/2-1/2"]
[WhiteElo "2074"]
[BlackElo "2152"]

1.e4 c5 2.Nf3 d6 3.d4 cxd4 4.Nxd4 Nf6 5.Nc3 Nc6 6.Bg5 e6 7.Qd2 Be7 8.O-O-O O-O
9.f4 Nxd4 10.Qxd4 Qa5 11.e5 dxe5 12.fxe5 Rd8 13.Qf4 Rxd1+ 14.Kxd1 Nd5 15.Nxd5 Qxd5+
16.Kc1 Bxg5 17.Qxg5 Bd7 18.Qd2 Bc6 19.Qxd5 Bxd5 20.Rg1 Rc8 21.Kd2 Rc5 22.b4 Rc7
23.Bd3 Kf8 24.a4 b6 25.c4 Bc6 26.Bc2 a5 27.Kc3 axb4+ 28.Kxb4 Ra7 29.Rd1 Ke7
30.g3 Ra5 31.Rd6 Bf3 32.Rxb6 Rxe5 33.a5 Re1 34.a6 Kd7 35.a7 Ra1 36.Ba4+ Kc7
37.Ra6 Ba8 38.Ka5 e5 39.c5 e4 40.Rd6 e3 41.Rd7+ Kc8 42.Re7 Bc6 43.Kb6 Rxa4
44.Kxc6 Kd8 45.Rxe3 Rxa7 46.Kb6 Ra2 47.Rb3 Kc8 48.h3  1/2-1/2

[Event "Open"]
[Site "Coventry ENG"]
[Date "2005.03.25"]
[Round "3"]
[White "Dworakowska,J"]
[Black "Dupre,P"]
[Result "1-0"]
[WhiteElo "2395"]
[BlackElo "2057"]

1.e4 c5 2.Nc3 d6 3.Nf3 Nf6 4.d4 cxd4 5.Nxd4 Nc6 6.Bg5 e5 7.Bxf6 gxf6 8.Nde2 a6
9.Ng3 Be6 10.Nd5 h5 11.Nxh5 Bxd5 12.exd5 Nb4 13.Be2 Qa5 14.c3 Rxh5 15.Bxh5 Nxd5
16.Qb3 O-O-O 17.Bf3 e4 18.Bxe4 Re8 19.O-O-O Bh6+ 20.Kb1 Nxc3+ 21.Qxc3+  1-0

[Event "7th Foxwoods Open"]
[Site "Connecticut USA"]
[Date "2005.03.26"]
[Round "7"]
[White "Lamastus Candal,J"]
[Black "Dougherty,M"]
[Result "0-1"]
[WhiteElo "2105"]
[BlackElo "2233"]

1.e4 c5 2.Nf3 Nc6 3.d4 cxd4 4.Nxd4 Nf6 5.Nc3 d6 6.Bg5 Qb6 7.Nb3 e6 8.Be2 a6
9.O-O Be7 10.Kh1 Qc7 11.a4 b6 12.Be3 Bb7 13.f4 Rd8 14.Qe1 O-O 15.Bf3 Nd7
16.g4 Nc5 17.Nd4 Nxd4 18.Bxd4 e5 19.Be3 exf4 20.Bxf4 Bf6 21.g5 Be5 22.Bxe5 dxe5
23.Qe3 Rd4 24.b3 Rfd8 25.Rad1 Nxe4 26.Nxe4 Bxe4 27.Rxd4 Bxf3+ 28.Qxf3 Rxd4
29.c3 Rd8 30.c4 g6 31.Qe3 Rd4 32.Qf3 Qd7 33.Re1 Rf4 34.Qg2 Qd3 35.Qg3 Rf1+
36.Rxf1 Qxf1+ 37.Qg1 Qf3+ 38.Qg2 Qd1+ 39.Qg1 Qxb3  0-1

[Event "ch-RUS w 1st League"]
[Site "Samara RUS"]
[Date "2005.03.26"]
[Round "4"]
[White "Malysheva,P"]
[Black "Ubiennykh,E"]
[Result "0-1"]
[WhiteElo "2283"]
[BlackElo "2327"]

1.e4 c5 2.Nf3 d6 3.d4 cxd4 4.Nxd4 Nf6 5.Nc3 Nc6 6.Bg5 e6 7.Qd2 a6 8.O-O-O Bd7
9.f3 Be7 10.Be3 b5 11.g4 h6 12.h4 Nxd4 13.Bxd4 b4 14.Ne2 e5 15.Be3 Be6 16.Qxb4 d5
17.Bc5 Bxc5 18.Qxc5 Rc8 19.Qf2 Qa5 20.exd5 Nxd5 21.a3 O-O 22.Ng3 Nc3 23.Rd2 Rb8
24.Ne4 Qxa3 25.Nxc3 Qa1+ 26.Nb1 Qxb2+ 27.Kd1 Qxb1+ 28.Ke2 Bc4+ 29.Ke3 Qb6+
30.Ke4 Qc6+ 31.Ke3 Qc5+ 32.Ke4 Bd5+ 33.Kd3 Qc4+ 34.Ke3 Qf4+ 35.Ke2 Bc4+ 36.Ke1 Rb1+
37.Rd1 Rxd1+ 38.Kxd1 Rd8+  0-1

[Event "Spring Open"]
[Site "Belgrade SCG"]
[Date "2005.03.27"]
[Round "3"]
[White "Bozovic,V"]
[Black "Nestorovic,DN"]
[Result "1/2-1/2"]
[WhiteElo "2186"]
[BlackElo "2328"]

1.e4 c5 2.Nf3 d6 3.d4 cxd4 4.Nxd4 Nf6 5.Nc3 Nc6 6.Bg5 e6 7.Qd2 Be7 8.O-O-O Nxd4
9.Qxd4 O-O 10.f4 Qa5 11.Kb1 Rd8 12.Qd2 Qc7 13.Qe1 a6 14.Bd3 Kf8 15.e5 dxe5
16.fxe5 Nd5 17.Bxe7+ Nxe7 18.Qh4 Qxe5 19.Qxh7 g6 20.g4 Bd7 21.Rhf1 Qg7 22.Qh4 Bc6
23.Rf2 g5 24.Qh5 Ng8 25.Rdf1 f6 26.Bg6 Ke7 27.h4 gxh4 28.Qc5+ Kd7 29.Be4 Rac8
30.Rd2+ Ke8 31.Rxd8+ Kxd8 32.Rd1+ Ke8 33.Qd6 Qe7 34.Bxc6+ bxc6 35.Ne4 Kf8
36.Qf4 Rd8 37.Re1 Kg7 38.g5 f5 39.Nc3 c5 40.Qe5+ Kg6 41.Ne2 Qd6 42.Nf4+ Kf7
43.g6+ Ke8 44.Qe2 e5 45.Nd3 e4 46.Qh5 Ne7 47.g7+ Kd7 48.Nc1 Kc8 49.Qxh4 Rg8
50.Rg1 Qe5 51.Ne2 Kb7  1/2-1/2

[Event "Ettinger It"]
[Site "Givataim ISR"]
[Date "2005.03.27"]
[Round "6"]
[White "Kaplan,S"]
[Black "Gerzhoy,L"]
[Result "0-1"]
[WhiteElo "2346"]
[BlackElo "2381"]

1.e4 c5 2.Nf3 d6 3.d4 cxd4 4.Nxd4 Nf6 5.Nc3 Nc6 6.Bg5 e6 7.Qd2 Be7 8.O-O-O O-O
9.f4 Nxd4 10.Qxd4 Qa5 11.Bc4 Bd7 12.e5 dxe5 13.fxe5 Bc6 14.Bd2 Nd7 15.Nd5 Qd8
16.Nxe7+ Qxe7 17.Rhe1 Rfd8 18.Qg4 Nf8 19.Bd3 Rd5 20.Bb4 Qd8 21.h4 Ng6 22.Bxg6 hxg6
23.Qf4 Rc8 24.g3 a5 25.Bd6 b5 26.Rxd5 Bxd5 27.Rf1 Qd7 28.b3 a4 29.Kb1 Qc6
30.Qxf7+ Kh7 31.Qf2 Be4 32.Qd2 axb3 33.axb3 Qa6 34.Rf8 Rxc2 35.Qxc2 Bxc2+
36.Kxc2 Qc6+ 37.Kd3 Qg2 38.Kc3 Qxg3+ 39.Kb4 Qxh4+ 40.Kxb5 Qe4 41.b4 g5 42.Kb6 g4
43.Rf1 g3 44.Bc5 Qxe5 45.Rg1 g5 46.Kc6 Kg6 47.Bd6 Qd5+ 48.Kc7 g2 49.Bc5 e5
50.Kb6 Qf3 51.b5 e4 52.Ka6 e3 53.Ka7 Qf2  0-1

[Event "XXXXII Open"]
[Site "La Roda ESP"]
[Date "2005.03.27"]
[Round "8"]
[White "De la Villa Garcia,J"]
[Black "Ubilava,E"]
[Result "1/2-1/2"]
[WhiteElo "2470"]
[BlackElo "2513"]

1.e4 c5 2.Nf3 d6 3.d4 cxd4 4.Nxd4 Nf6 5.Nc3 Nc6 6.Bg5 e6 7.Qd2 a6 8.O-O-O Bd7
9.f3 Qc7 10.Kb1 Na5 11.Nb3 Nxb3 12.cxb3 Bc6 13.Rc1 Be7 14.Bxf6 Bxf6 15.Nd5 exd5
16.exd5 O-O 17.Bd3 Qb6 18.dxc6 bxc6 19.Qc2 g6 20.Qxc6 Qd4 21.Qc3 Qxc3 22.bxc3 d5
23.Rhd1 Rfc8 24.c4 dxc4 25.Bxc4 Rd8 26.g3 a5 27.Kc2 Kf8 28.f4 h5 29.Rxd8+ Rxd8
30.Re1 Rd4 31.Bb5 Be7 32.Re5 h4 33.Bd3 Bb4 34.a3 Bxa3 35.Rxa5 Bb4 36.Re5 Bd6
37.Rb5 Bb4 38.Re5 Bd6 39.Rb5 Bb4 40.Re5  1/2-1/2

[Event "XXXXII Open"]
[Site "La Roda ESP"]
[Date "2005.03.27"]
[Round "9"]
[White "Valmana Canto,J"]
[Black "Matnadze,A"]
[Result "0-1"]
[WhiteElo "2189"]
[BlackElo "2376"]

1.e4 c5 2.Nc3 d6 3.Nf3 Nc6 4.d4 cxd4 5.Nxd4 Nf6 6.Bg5 Bd7 7.Qd2 Rc8 8.f4 h6
9.Bxf6 gxf6 10.Nf5 Qa5 11.Bd3 Nb4 12.a3 Rg8 13.g3 e6 14.Ne3 h5 15.Be2 Na6
16.O-O-O Nc5 17.Nc4 Qc7 18.Nxd6+ Bxd6 19.Qxd6 Qxd6 20.Rxd6 Bc6 21.Bxh5 f5
22.Bf3 fxe4 23.Bg2 Ke7 24.Rd4 f5 25.Kd1 Nd7 26.Ke2 Nf6 27.a4 Nh5 28.Rg1 Rg7
29.Nd1 Nf6 30.Ne3 Rh8 31.Rh1 Rgh7 32.Nf1 Ng4 33.h4 Nf6 34.Rg1 Rg7 35.Rb4 b6
36.Rc4 Rc8 37.b3 b5 38.Rd4 bxa4 39.bxa4 Bb7 40.Kd2 Nh5 41.Rb4 Ba6 42.Rb3 Kf6
43.Bh3 Nxf4 44.g4 Rd7+ 45.Ke1 Rxc2 46.g5+ Ke7 47.Ne3 Re2+  0-1

[Event "78th ch-City"]
[Site "St Petersburg RUS"]
[Date "2005.03.27"]
[Round "11"]
[White "Klimov,S"]
[Black "Loginov,Va"]
[Result "0-1"]
[WhiteElo "2509"]
[BlackElo "2507"]

1.e4 c5 2.Nf3 d6 3.d4 cxd4 4.Nxd4 Nf6 5.Nc3 Nc6 6.Bg5 e6 7.Qd2 a6 8.O-O-O Qb6
9.f4 Nxd4 10.Qxd4 Qxd4 11.Rxd4 Be7 12.Be2 Rb8 13.Bf3 h6 14.Bh4 g5 15.fxg5 Nh7
16.Bg3 e5 17.Rd5 Be6 18.gxh6 Bxd5 19.Nxd5 Bg5+ 20.Kb1 Nf6 21.h4 Rxh6 22.Nxf6+ Bxf6
23.Bf2 Ke7 24.h5 Bg5 25.c4 Rc8 26.b3 b5 27.Bg4 Rc7 28.cxb5 axb5 29.Rd1 Rh8
30.Kb2 Ra8 31.a3 f5 32.exf5 Bf6 33.Rd2 Rg8 34.Be2 Rxg2 35.Bxb5 e4+ 36.Kb1 Rc3
37.Bc4 Rf3 38.Be3 Rxd2 39.Bxd2 Rxf5 40.h6 d5 41.Bc1  0-1

[Event "Technomont Cup"]
[Site "Frydek Mistek CZE"]
[Date "2005.03.28"]
[Round "9"]
[White "Chrz,P"]
[Black "Vesselovsky,S"]
[Result "0-1"]
[WhiteElo "2207"]
[BlackElo "2400"]

1.e4 c5 2.Nf3 d6 3.d4 cxd4 4.Nxd4 Nf6 5.Nc3 Nc6 6.Bg5 e6 7.Qd2 a6 8.O-O-O Bd7
9.f4 h6 10.Bh4 g5 11.fxg5 Ng4 12.Kb1 Be7 13.Be2 hxg5 14.Bg3 Nge5 15.Nxc6 Bxc6
16.Qd4 Qc7 17.Rhf1 b5 18.Qf2 f6 19.a3 Qa7 20.Qe1 O-O-O 21.Bxe5 dxe5 22.Bg4 Rxd1+
23.Qxd1 Bd7 24.h3 Kb8 25.Qd3 Rc8 26.Rd1 Rc7 27.g3 Bc8 28.Qf3 Qb7 29.h4 f5
30.Bh5 gxh4 31.gxh4 Bxh4 32.Qe3 f4 33.Qg1 Be7 34.Rd3 Bc5 35.Qg8 Bd4 36.Bf3  0-1

[Event "Spring Open"]
[Site "Belgrade SCG"]
[Date "2005.03.29"]
[Round "5"]
[White "Sarenac,I"]
[Black "Bozovic,V"]
[Result "0-1"]
[WhiteElo "2064"]
[BlackElo "2186"]

1.e4 c5 2.Nf3 d6 3.d4 cxd4 4.Nxd4 Nf6 5.Nc3 Nc6 6.Bg5 Qa5 7.Bxf6 gxf6 8.Qd2 Nxd4
9.Qxd4 Bd7 10.O-O-O Rc8 11.Kb1 Qc5 12.Be2 Qxd4 13.Rxd4 Bg7 14.Rc4 Rxc4 15.Bxc4 f5
16.exf5 Bxc3 17.bxc3 Bxf5 18.Re1 e5 19.h3 h5 20.Bd5 Ke7 21.Kc1 b6 22.Kd2 Rc8
23.Re3 Rc5 24.Bb3 a5 25.Rf3 Bg6 26.g4 b5 27.a3 Rc8 28.gxh5 Bxh5 29.Rg3 Bg6
30.Bd5 Kf6 31.c4 Rc5 32.Rc3 Ke7 33.a4 b4 34.Rg3 Rc8 35.Re3 f5 36.Rb3 Rh8
37.Rg3 Kf6 38.c3 b3 39.Kc1 f4 40.Rg2 Rxh3 41.Kb2 f3 42.Rg1 Rh2 43.Kxb3 Rxf2
44.c5 dxc5 45.Kc4 Bf7 46.Bxf7 Kxf7 47.Kxc5 Rd2 48.Kb5 f2 49.Rf1 e4 50.c4 e3
51.c5 Ke6  0-1

[Event "Spring Open"]
[Site "Belgrade SCG"]
[Date "2005.03.29"]
[Round "5"]
[White "Lazarevic,ZV"]
[Black "Pavlovic,Drago"]
[Result "1/2-1/2"]
[WhiteElo "2162"]
[BlackElo "2261"]

1.e4 c5 2.Nf3 Nc6 3.d4 cxd4 4.Nxd4 Nf6 5.Nc3 d6 6.Bg5 e6 7.Qd2 a6 8.O-O-O h6
9.Be3 Be7 10.f3 Nxd4 11.Bxd4 b5 12.Bd3 Qa5 13.Kb1 b4 14.Ne2 e5 15.Be3 Be6
16.Nc1 d5 17.Nb3 Qc7 18.exd5 Nxd5 19.Be4 Rd8 20.Bxd5 Bxd5  1/2-1/2

[Event "Spring Open"]
[Site "Belgrade SCG"]
[Date "2005.03.29"]
[Round "5"]
[White "Sarenac,D"]
[Black "Maksimovic,Mir"]
[Result "1/2-1/2"]
[WhiteElo "2074"]
[BlackElo "2185"]

1.e4 c5 2.Nf3 d6 3.d4 cxd4 4.Nxd4 Nf6 5.Nc3 Nc6 6.Bg5 e6 7.Qd2 Be7 8.O-O-O O-O
9.f4 Nxd4 10.Qxd4 Qa5 11.Bc4 Bd7 12.e5 dxe5 13.fxe5 Bc6 14.Bd2 Nd7 15.Nd5 Qd8
16.Nxe7+ Qxe7 17.Rhe1 Qc5 18.Qf4 Bb5 19.Bxb5 Qxb5 20.Kb1 Rac8 21.Qg3 Kh8
22.Bc3 Nb6 23.b3 Qc5 24.Kb2 Nd5 25.Rd3 Nxc3 26.Rxc3 Qxc3+ 27.Qxc3 Rxc3 28.Kxc3 Rc8+
29.Kb2 Rd8 30.Re2 h5 31.c4 Kg8 32.Kc2  1/2-1/2

[Event "ch-EU"]
[Site "Cork IRL"]
[Date "2005.03.30"]
[Round "9"]
[White "Paramos Dominguez,R"]
[Black "Bischoff,K"]
[Result "1/2-1/2"]
[WhiteElo "2391"]
[BlackElo "2555"]

1.e4 c5 2.Nf3 d6 3.d4 Nf6 4.Nc3 cxd4 5.Nxd4 Nc6 6.Bg5 e6 7.Qd2 a6 8.O-O-O Bd7
9.f4 b5 10.Bxf6 gxf6 11.Nxc6 Bxc6 12.Qe1 Rc8 13.Kb1 Bb7 14.Bd3 h5 15.Rf1 Be7
16.f5 Rc5 17.Ne2 e5 18.Nc1  1/2-1/2

[Event "Spring Open"]
[Site "Belgrade SCG"]
[Date "2005.04.02"]
[Round "9"]
[White "Sarenac,I"]
[Black "Maksimovic,Mir"]
[Result "0-1"]
[WhiteElo "2064"]
[BlackElo "2185"]

1.e4 c5 2.Nf3 d6 3.d4 cxd4 4.Nxd4 Nf6 5.Nc3 Nc6 6.Bg5 e6 7.Qd2 a6 8.O-O-O Bd7
9.f4 b5 10.e5 dxe5 11.Nxc6 Bxc6 12.Qe3 Qc7 13.fxe5 Nd7 14.Bf4 Bc5 15.Qg3 O-O
16.Bd3 Rac8 17.Kb1 Be7 18.Rhe1 g6 19.Be4 Nc5 20.Bxc6 Qxc6 21.Rc1 b4 22.Nd1 Rfd8
23.Nf2 Rd4 24.Qe3 Rc4 25.g3 Na4 26.Qe2 Nc3+ 27.bxc3 bxc3 28.Ka1 Ra4 29.Qe4 Rxe4
30.Nxe4 Ba3 31.Nf6+ Kh8 32.Re4 Qb5  0-1

[Event "Weekender"]
[Site "Cork IRL"]
[Date "2005.04.02"]
[Round "3"]
[White "Ziatdinov,R"]
[Black "Kotronias,V"]
[Result "0-1"]
[WhiteElo "2445"]
[BlackElo "2578"]

1.e4 c5 2.Nf3 Nc6 3.d4 cxd4 4.Nxd4 Nf6 5.Nc3 d6 6.Bg5 e6 7.Qd2 a6 8.O-O-O Bd7
9.f4 b5 10.Bxf6 gxf6 11.g3 Qb6 12.Nf3 O-O-O 13.Kb1 Kb8 14.Bh3 Na5 15.Nd4 b4
16.Nce2 Nc4 17.Qd3 Rc8 18.Qf3 h5 19.Rd3 h4 20.g4 a5 21.Rhd1 a4 22.Ka1 Ka7
23.Bf1 Rc5 24.Qf2 Be7 25.Nc1 a3 26.bxa3 Nxa3 27.e5 Rxc2 28.Rxa3+ bxa3 29.Qxc2 Rc8
30.Qd2 fxe5 31.fxe5 Bg5 32.Nb5+ Bxb5 33.Qxg5 Be2 34.Qe7+ Kb8  0-1

[Event "1st ch-SCG"]
[Site "Kopaonik SCG"]
[Date "2005.04.03"]
[Round "2"]
[White "Nadj Hedjesi,B"]
[Black "Djukic,Ni"]
[Result "1-0"]
[WhiteElo "2392"]
[BlackElo "2509"]

1.e4 c5 2.Nf3 Nc6 3.d4 cxd4 4.Nxd4 Nf6 5.Nc3 d6 6.Bg5 e6 7.Qd2 a6 8.O-O-O h6
9.Be3 Bd7 10.f3 b5 11.Nxc6 Bxc6 12.Ne2 Qc7 13.Kb1 Rc8 14.h4 Bb7 15.Rh3 Nd7
16.g4 d5 17.exd5 Bxd5 18.Nf4 Bc6 19.g5 g6 20.h5 e5 21.hxg6 exf4 22.Bxf4 Qb6
23.Qc3 Qc5 24.Qxh8 Be4 25.gxf7+ Kd8 26.Qf6+  1-0

[Event "FSGM April"]
[Site "Budapest HUN"]
[Date "2005.04.06"]
[Round "5"]
[White "Neelotpal,D"]
[Black "Wittmann,W"]
[Result "1/2-1/2"]
[WhiteElo "2468"]
[BlackElo "2386"]

1.e4 c5 2.Nf3 d6 3.d4 cxd4 4.Nxd4 Nf6 5.Nc3 Nc6 6.Bg5 e6 7.Qd2 Be7 8.O-O-O Nxd4
9.Qxd4 O-O 10.f3 Bd7 11.Kb1 Bc6 12.h4 Qc7 13.Bd3 Rfd8 14.Qf2  1/2-1/2

[Event "ch-RUS u18"]
[Site "Nojabrsk RUS"]
[Date "2005.04.06"]
[Round "1"]
[White "Romanov,E"]
[Black "Ivanov,Al3"]
[Result "1/2-1/2"]
[WhiteElo "2437"]
[BlackElo "2303"]

1.e4 c5 2.Nf3 d6 3.d4 cxd4 4.Nxd4 Nf6 5.Nc3 Nc6 6.Bg5 e6 7.Qd2 a6 8.O-O-O Nxd4
9.Qxd4 Be7 10.f4 b5 11.Bxf6 gxf6 12.h4 Qc7 13.g4 Bb7 14.f5 Qc5 15.fxe6 fxe6
16.Qd3 O-O-O 17.Bg2 Kb8 18.Ne2 d5 19.exd5 Bxd5 20.Bxd5 Rxd5 21.Qg3+ Bd6 22.Qf3 Be5
23.Rxd5 Qxd5 24.Qxd5 exd5 25.b3 Kc7 26.Kd2 Kd6 27.Ke3 Rc8 28.Kd3 Rg8 29.Rg1 Bh2
30.Rg2 Be5 31.Rg1  1/2-1/2

[Event "1st ch-SCG"]
[Site "Kopaonik SCG"]
[Date "2005.04.08"]
[Round "7"]
[White "Vuckovic,Bo"]
[Black "Todorovic,GM"]
[Result "1/2-1/2"]
[WhiteElo "2529"]
[BlackElo "2511"]

1.e4 c5 2.Nf3 d6 3.d4 cxd4 4.Nxd4 Nf6 5.Nc3 Nc6 6.Bg5 e6 7.Qd2 Be7 8.O-O-O Nxd4
9.Qxd4 O-O 10.f4 Qa5 11.Bc4 Bd7 12.e5 dxe5 13.fxe5 Bc6 14.Bd2 Bc5 15.Qh4 Nd7
16.Nd5 Qd8 17.Bg5 Qa5 18.Nf6+ Nxf6 19.exf6 Bf2 20.Qf4 Bxg2 21.fxg7 Rfc8 22.Rd7 Be3+
23.Qxe3 Rxc4 24.Rhd1 Qf5 25.Rd8+ Rxd8 26.Rxd8+ Kxg7 27.Bh6+ Kf6 28.Rd2 Be4
29.b3 Rxc2+ 30.Rxc2 Bxc2 31.Qg3 e5 32.Qh4+ Kg6 33.Bf8 h5 34.Qg3+ Kf6 35.Qh4+ Kg6
36.Qg3+ Kf6 37.Qh4+ Kg6  1/2-1/2

[Event "ch-RSA"]
[Site "Johannesburg RSA"]
[Date "2005.04.10"]
[Round "4"]
[White "Bouah,L"]
[Black "Van den Heever,D"]
[Result "1-0"]
[WhiteElo "2181"]
[BlackElo "2099"]

1.e4 c5 2.Nf3 d6 3.d4 cxd4 4.Nxd4 Nf6 5.Nc3 Nc6 6.Bg5 e6 7.Qd2 Be7 8.f3 O-O
9.O-O-O a6 10.h4 Qc7 11.g4 Ne5 12.Be3 b5 13.g5 Nh5 14.Bd3 g6 15.Kb1 Bb7 16.f4 Nc4
17.Bxc4 Qxc4 18.Qd3 Rac8 19.a3 b4 20.axb4 Qxb4 21.Bd2 Qb6 22.Rhe1 Rb8 23.Na4 Qc7
24.f5 Bc8 25.f6 Bd8 26.Qa3 Nxf6 27.gxf6 Bxf6 28.Nf3 Bd7 29.Nc3 Rfc8 30.Re3 Bc6
31.Be1 d5 32.e5 Be7 33.Qa2 Bc5 34.Red3 Rb7 35.Ne2 Bb5 36.Bc3 Bxd3 37.cxd3 Rcb8
38.Rc1 Qb6 39.Ned4 Be7 40.Rc2 Re8 41.Qa4 Ra8 42.Ba5 Qa7 43.h5 Qb8 44.hxg6 hxg6
45.Rh2 Qe8 46.Qd1 Bf8 47.Qh1 Bg7 48.Ng5 Bxe5 49.Rh8+ Bxh8 50.Qh7+ Kf8 51.Qxh8+ Ke7
52.Qe5 Kd7 53.Nh7 Kc8 54.Qd6 Raa7 55.Nc6 f5 56.Nf6 Qh8 57.Qxe6+  1-0